HIGHER ENGINEERING MATHEMATICS (Record no. 32885)

MARC details
000 -LEADER
fixed length control field 00347nam a22001577a 4500
003 - CONTROL NUMBER IDENTIFIER
control field SGT
020 ## - INTERNATIONAL STANDARD BOOK NUMBER
International Standard Book Number 9788193328491
082 ## - DEWEY DECIMAL CLASSIFICATION NUMBER
Classification number 510.02462
Item number GRE
100 ## - MAIN ENTRY--PERSONAL NAME
Personal name GREWAL, B.S.
245 ## - TITLE STATEMENT
Title HIGHER ENGINEERING MATHEMATICS
250 ## - EDITION STATEMENT
Edition statement 45TH
260 ## - PUBLICATION, DISTRIBUTION, ETC. (IMPRINT)
Place of publication, distribution, etc INDIA
Name of publisher, distributor, etc KHANNA PUB.
Year of Publication 2025
300 ## - PAGE DESCRIPTION
No. of Pages 1462
650 ## - SUBJECT ADDED ENTRY--TOPICAL TERM
Topical term or geographic name as entry element MATHEMATICS
942 ## - ADDED ENTRY ELEMENTS (KOHA)
Source of classification or shelving scheme Dewey Decimal Classification
Koha item type Books
Holdings
Withdrawn status Lost status Source of classification or shelving scheme Damaged status Not for loan Collection code Home library Current library Shelving location Date acquired Vendor Name Cost, normal purchase price SGTU Bill Number Full call number Accession No. (Barcode) Date last seen Bill Date Koha item type Total Checkouts Date last borrowed
    Dewey Decimal Classification   Not For Loan SCIENCE SGT Science & Social Sciences Library SGT Science & Social Sciences Library Reference Book 25/10/2025 ABC 1179.00 SGTU 21749 510.02462 GRE DP1676 25/10/2025 23/09/2025 Books    
    Dewey Decimal Classification     SCIENCE SGT Science & Social Sciences Library SGT Science & Social Sciences Library Text Book 25/10/2025 ABC 1179.00 SGTU 21749 510.02462 GRE DP1677 08/05/2026 23/09/2025 Books 1 10/04/2026